MARC details
| 000 -CABECERA |
| campo de control de longitud fija |
01758nam a22004817a 4500 |
| 001 - NÚMERO DE CONTROL |
| campo de control |
000096039 |
| 003 - IDENTIFICADOR DEL NÚMERO DE CONTROL |
| campo de control |
CHAP |
| 005 - FECHA Y HORA DE LA ÚLTIMA TRANSACCIÓN |
| campo de control |
20220329143138.0 |
| 008 - DATOS DE LONGITUD FIJA--INFORMACIÓN GENERAL |
| campo de control de longitud fija |
060801d2006 mx r 00110 spa d |
| 010 ## - NÚMERO DE CONTROL DE LA BIBLIOTECA DEL CONGRESO |
| Número de control de LC |
92505 |
| 011 ## - ENLACE DEL NUMERO DE CONTROL DE LA BIBLIOTECA DEL CONGRESO [OBSOLETO] |
| Número de control de LC |
93477 |
| 035 ## - NÚMERO DE CONTROL DEL SISTEMA |
| Número de control de sistema |
104051 |
| 040 ## - FUENTE DE LA CATALOGACIÓN |
| Centro/agencia transcriptor |
CHAP |
| 090 ## - LOCALMENTE ASIGNADO TIPO-LC NÚMERO DE CLASIFICACIÓN (OCLC); NÚMERO DE CLASIFICACIÓN LOCAL (RLIN) |
| Número de clasificación (OCLC) (R) ; Numero de clasificación, CALL (RLIN) (NR) |
Tesis |
| 100 1# - ENTRADA PRINCIPAL--NOMBRE DE PERSONA |
| Nombre de persona |
Quiñones Sánchez, Edith. |
| 9 (RLIN) |
93469 |
| 245 10 - MENCIÓN DE TÍTULO |
| Título |
Análisis de sequía meteorológica en la zona norte del estado de Durango, México / |
| Mención de responsabilidad, etc. |
/por Edith Quiñones Sánchez. |
| 260 ## - PUBLICACIÓN, DISTRIBUCIÓN, ETC. |
| Lugar de publicación, distribución, etc. |
Chapingo, Méx. : |
| Nombre del editor, distribuidor, etc. |
El autor, |
| Fecha de publicación, distribución, etc. |
2006. |
| 300 ## - DESCRIPCIÓN FÍSICA |
| Extensión |
73 h. |
| 502 ## - NOTA DE TESIS |
| Nota de tesis |
Tesis (Ing. en Irrigación) - - UACH. Departamento de Irrigación |
| 590 ## - NOTA LOCAL (RLIN) |
| Nota local |
ALEPH |
| Procedencia (VM) [OBSOLETO] |
10 |
| Condición del los carretes individuales (VM) [OBSOLETO] |
20130110 |
| -- |
UCH01 |
| -- |
1513 |
| 590 ## - NOTA LOCAL (RLIN) |
| Nota local |
BATCH-UPD |
| Procedencia (VM) [OBSOLETO] |
10 |
| Condición del los carretes individuales (VM) [OBSOLETO] |
20130110 |
| -- |
UCH01 |
| -- |
0541 |
| 590 ## - NOTA LOCAL (RLIN) |
| Nota local |
BATCH-UPD |
| Procedencia (VM) [OBSOLETO] |
10 |
| Condición del los carretes individuales (VM) [OBSOLETO] |
20130110 |
| -- |
UCH01 |
| -- |
2327 |
| 590 ## - NOTA LOCAL (RLIN) |
| Nota local |
BATCH-UPD |
| Procedencia (VM) [OBSOLETO] |
10 |
| Condición del los carretes individuales (VM) [OBSOLETO] |
20130410 |
| -- |
UCH01 |
| -- |
0222 |
| 590 ## - NOTA LOCAL (RLIN) |
| Nota local |
BATCH-UPD |
| Procedencia (VM) [OBSOLETO] |
10 |
| Condición del los carretes individuales (VM) [OBSOLETO] |
20130914 |
| -- |
UCH01 |
| -- |
1937 |
| 590 ## - NOTA LOCAL (RLIN) |
| Nota local |
BATCH-UPD |
| Procedencia (VM) [OBSOLETO] |
10 |
| Condición del los carretes individuales (VM) [OBSOLETO] |
20140324 |
| -- |
UCH01 |
| -- |
1458 |
| 590 ## - NOTA LOCAL (RLIN) |
| Nota local |
BATCH-UPD |
| Procedencia (VM) [OBSOLETO] |
10 |
| Condición del los carretes individuales (VM) [OBSOLETO] |
20141002 |
| -- |
UCH01 |
| -- |
0831 |
| 590 ## - NOTA LOCAL (RLIN) |
| Nota local |
CONVERSION |
| Procedencia (VM) [OBSOLETO] |
10 |
| Condición del los carretes individuales (VM) [OBSOLETO] |
20130109 |
| -- |
UCH01 |
| -- |
1351 |
| 590 ## - NOTA LOCAL (RLIN) |
| Nota local |
E5765TAJ |
| Procedencia (VM) [OBSOLETO] |
10 |
| Condición del los carretes individuales (VM) [OBSOLETO] |
20130531 |
| -- |
UCH01 |
| -- |
1430 |
| 590 ## - NOTA LOCAL (RLIN) |
| Nota local |
E5765TAJ |
| Procedencia (VM) [OBSOLETO] |
10 |
| Condición del los carretes individuales (VM) [OBSOLETO] |
20130603 |
| -- |
UCH01 |
| -- |
1216 |
| 590 ## - NOTA LOCAL (RLIN) |
| Nota local |
E5765TAJ |
| Procedencia (VM) [OBSOLETO] |
10 |
| Condición del los carretes individuales (VM) [OBSOLETO] |
20130603 |
| -- |
UCH01 |
| -- |
1223 |
| 590 ## - NOTA LOCAL (RLIN) |
| Nota local |
E5765TAJ |
| Procedencia (VM) [OBSOLETO] |
10 |
| Condición del los carretes individuales (VM) [OBSOLETO] |
20130703 |
| -- |
UCH01 |
| -- |
1406 |
| 590 ## - NOTA LOCAL (RLIN) |
| Nota local |
E5765TAJ |
| Procedencia (VM) [OBSOLETO] |
10 |
| Condición del los carretes individuales (VM) [OBSOLETO] |
20130703 |
| -- |
UCH01 |
| -- |
1408 |
| 650 14 - PUNTO DE ACCESO ADICIONAL DE MATERIA--TÉRMINO DE MATERIA |
| Término de materia o nombre geográfico como elemento de entrada |
Clima |
| Subdivisión general |
Durango. |
| 9 (RLIN) |
23824 |
| 650 14 - PUNTO DE ACCESO ADICIONAL DE MATERIA--TÉRMINO DE MATERIA |
| Término de materia o nombre geográfico como elemento de entrada |
Procesamiento automático de datos en meteorología. |
| 9 (RLIN) |
91803 |
| 650 14 - PUNTO DE ACCESO ADICIONAL DE MATERIA--TÉRMINO DE MATERIA |
| Término de materia o nombre geográfico como elemento de entrada |
Sequías. |
| 9 (RLIN) |
104511 |
| 856 ## - LOCALIZACIÓN Y ACCESO ELECTRÓNICOS |
| Especificación de materiales |
Finding aid |
| Identificador Uniforme del Recurso |
<a href="http://10.13.5.2/tesis/104051.pdf">http://10.13.5.2/tesis/104051.pdf</a> |
| Nota pública |
Teclea aquí |
| 901 ## - ELEMENTOS DE DATOS A LOCAL LDA (RLIN) |
| a |
BK |
| 905 ## - ELEMENTOS DE DATOS E LOCAL, LDE (RLIN) |
| a |
Lilia |
| 942 ## - ELEMENTOS DE PUNTO DE ACCESO ADICIONAL (KOHA) |
| Tipo de ítem Koha |
CD |
| 942 ## - ELEMENTOS DE PUNTO DE ACCESO ADICIONAL (KOHA) |
| Suprimir en OPAC |
0 |
| 949 ## - PROCESAMIENTO DE INFORMACIÓN LOCAL (OCLC) |
| a |
Tesis |
| b |
BC |
| c |
TES |
| d |
00000001040511 |
| e |
TS1 |
| h |
108109 |
| i |
104051 |
| s |
b |
| 949 ## - PROCESAMIENTO DE INFORMACIÓN LOCAL (OCLC) |
| a |
Tesis |
| b |
BC |
| c |
TES |
| d |
33724000990446 |
| e |
TS2 |
| f |
c.2 |
| h |
108110 |
| i |
104051 |
| s |
i |